Ghana : Enhanced Initiative for Heavily Indebted Poor Countries; Completion Point Document.

This paper highlights Ghana's poverty reduction strategy. The paper also highlights Ghana's performance in observing the requirements for reaching the floating completion point under the framework, including implementation of the national poverty reduction strategy. The updated debt sustai...

全面介紹

書目詳細資料
企業作者: International Monetary Fund
格式: 雜誌
語言:English
出版: Washington, D.C. : International Monetary Fund, 2004.
叢編:IMF Staff Country Reports; Country Report ; No. 2004/209
在線閱讀:Full text available on IMF
LEADER 01714cas a2200241 a 4500
001 AALejournalIMF003125
008 230101c9999 xx r poo 0 0eng d
020 |c 5.00 USD 
020 |z 9781451814873 
022 |a 1934-7685 
040 |a BD-DhAAL  |c BD-DhAAL 
110 2 |a International Monetary Fund. 
245 1 0 |a Ghana :   |b Enhanced Initiative for Heavily Indebted Poor Countries; Completion Point Document. 
264 1 |a Washington, D.C. :  |b International Monetary Fund,  |c 2004. 
300 |a 1 online resource (43 pages) 
490 1 |a IMF Staff Country Reports 
500 |a <strong>Off-Campus Access:</strong> No User ID or Password Required 
500 |a <strong>On-Campus Access:</strong> No User ID or Password Required 
506 |a Electronic access restricted to authorized BRAC University faculty, staff and students 
520 3 |a This paper highlights Ghana's poverty reduction strategy. The paper also highlights Ghana's performance in observing the requirements for reaching the floating completion point under the framework, including implementation of the national poverty reduction strategy. The updated debt sustainability analysis shows that the amount of debt relief estimated at the decision point will be sufficient to bring the country's debt burden indicators to manageable levels. The sensitivity analysis shows that, after completion point, Ghana's debt sustainability would be robust to moderate country-specific shocks, even of a persistent nature. 
538 |a Mode of access: Internet 
830 0 |a IMF Staff Country Reports; Country Report ;  |v No. 2004/209 
856 4 0 |z Full text available on IMF  |u http://elibrary.imf.org/view/journals/002/2004/209/002.2004.issue-209-en.xml  |z IMF e-Library